| 000 | 00778nam a22002177a 4500 | ||
|---|---|---|---|
| 003 | OSt | ||
| 005 | 20141215091123.0 | ||
| 008 | 141118b xxu||||| |||| 00| 0 eng d | ||
| 020 | _a0-300-08308-4 | ||
| 040 | _cBMC | ||
| 082 | _a020.6227309 | ||
| 100 | 1 |
_aConaway, James _93410 |
|
| 245 | 1 | 0 |
_aAmerica's library _b: the story of the Libray of Congress, 1800-2000 _cJames Conaway ; prefacio, James H. Billington ; introducción, Edmund Morris |
| 260 |
_aWashington _bYale University Press in association with The Library of Congress _ccop. 2000 |
||
| 300 |
_aXIII, 226 p. _bil. _c26 cm |
||
| 504 | _aBibliografía: p. 211-217 | ||
| 610 | 2 | 4 |
_aLibrary of Congress _928524 _xHistoria |
| 700 | 1 |
_928529 _aBillington, James H. |
|
| 700 | 1 |
_917429 _aMorris, Edmund |
|
| 942 |
_2ddc _cBK |
||
| 999 |
_c15889 _d15889 |
||